Library of the University of Algiers 3
Ibrahim Sultan Cheibout
شعار جامعة الجزائر 3
مكتبة جامعة الجزائر 3
إبراهيم سلطان شيبوط

التحليل العاملي : (رقم التسجيلة. 42929)

تفاصيل مارك
000 -LEADER
fixed length control field 01273nam a2200229Ia 4500
003 - CONTROL NUMBER IDENTIFIER
control field Ost
005 - DATE AND TIME OF LATEST TRANSACTION
control field 20260507075112.0
008 - FIXED-LENGTH DATA ELEMENTS--GENERAL INFORMATION
fixed length control field 260507s9999||||xx |||||||||||||| ||und||
020 ## - INTERNATIONAL STANDARD BOOK NUMBER
International Standard Book Number 2237294977
040 ## - CATALOGING SOURCE
Transcribing agency fsecg
041 ## - LANGUAGE CODE
Language code of text/sound track or separate title ara
082 ## - DEWEY DECIMAL CLASSIFICATION NUMBER
Classification number 300
100 ## - MAIN ENTRY--PERSONAL NAME
Personal name باهي، مصطفي حسين
Relator term مؤلف
245 #0 - TITLE STATEMENT
Title التحليل العاملي :
Remainder of title النظرية-التطبيق /
Statement of responsibility, etc. مصطفي حسين باهي
260 ## - PUBLICATION, DISTRIBUTION, ETC.
Place of publication, distribution, etc. القاهرة:
Name of publisher, distributor, etc. مركز الكتاب للنشر,
Date of publication, distribution, etc. 2002
300 ## - PHYSICAL DESCRIPTION
Extent 191 صفحة؛
Other physical details إيضاحات ؛
Dimensions 24 سم
504 ## - BIBLIOGRAPHY, ETC. NOTE
Bibliography, etc. note ببليوغرافيا:ص.191؛كشاف المصطلحات:ص.153-189
520 ## - SUMMARY, ETC.
Summary, etc. مفهوم التحليل العاملي،بعض النظريات التي تفسر التحليل العاملي،العينة المستخدمة في التحليل العاملي،القيم المقدرة للعوامل،التحليل العاملي مقابل التحليل العنقودي والتحليل المتعدد،القوانين القائمة على أساس الجذر الكامن لاختيار عدد من العوامل
653 ## - INDEX TERM--UNCONTROLLED
Uncontrolled term الإحصاء - المعاملات الإرتباطية
700 ## - ADDED ENTRY--PERSONAL NAME
Personal name عنان، محمود عبد الفتاح
Relator term مؤلف ثانوي
942 ## - ADDED ENTRY ELEMENTS (KOHA)
Koha item type كتب
المقتنيات
Withdrawn status Lost status Source of classification or shelving scheme Damaged status Not for loan Home library Current library Date acquired Serial enumeration / chronology Inventory number Total checkouts Full call number Barcode Date last seen Price effective from Koha item type
    Dewey Decimal Classification   NOT LOAN / إعارة داخلية مكتبة كلية العلوم الإقتصادية والعلوم التجارية وعلوم التسيير مكتبة كلية العلوم الإقتصادية والعلوم التجارية وعلوم التسيير 07/05/2026 الطابق الأرضي 1535/1   أ/1535ن1 1535/1 07/05/2026 07/05/2026 كتب
    Dewey Decimal Classification   Available مكتبة كلية العلوم الإقتصادية والعلوم التجارية وعلوم التسيير مكتبة كلية العلوم الإقتصادية والعلوم التجارية وعلوم التسيير 07/05/2026 الطابق الثاني 1535/2   أ/1535ن2 1535/2 07/05/2026 07/05/2026 كتب

موارد الويب المفتوحة


© University of Algiers 3 All Rights Reserved
|
Implemented by LECHELAH Riad